000 00511nam a2200181 a 4500
001 12809
003 CO-ViMGA
008 141112s2004 ck r 000 u spa d
040 _aCO-ViMGA
_bspa
_cCO-ViMGA
082 0 4 _a336.86 I53f
100 1 _aInfante, Arturo
_918576
245 1 0 _afunción y Naturaleza del Endeudamiento externo
260 _aBogotá :
_bTercer mundo,
_c1974
300 _a77p.
500 _aCuadernos de ciencia Política .
650 1 4 _aDEUDA EXTERNA - COLOMBIA
_953435
942 _2ddc
_cBK
999 _c23747
_d23747